Motivácia uzavrieť životné poistenie diplomová práca

Salvato in:
Dettagli Bibliografici
Autore principale: Ráciková, Monika
Ente Autore: Národohospodárska fakulta EU. Katedra poisťovníctva
Altri autori: Brokešová, Zuzana, 1985-
Natura: Libro
Lingua:slovacco
Pubblicazione: Bratislava 2015
Tags: Aggiungi Tag
Nessun Tag, puoi essere il primo ad aggiungerne!!

MARC

LEADER 00000nbm a2200000 4500
001 0201097
005 20161212095508.6
041 0 |a slo 
044 |a SK 
245 1 0 |a Motivácia uzavrieť životné poistenie  |b diplomová práca  |c Monika Ráciková ; školiteľ: Zuzana Brokešová 
264 1 |a Bratislava  |c 2015 
300 |a 57 s. 
100 1 |a Ráciková, Monika 
700 1 |a Brokešová, Zuzana, 1985- 
710 2 |a Národohospodárska fakulta EU. Katedra poisťovníctva